Destinations from Melbourne Airport (MEL) - Statistics

General Stats
  • This quiz has been taken 590 times
  • The average score is 41 of 77
Answer Stats
Carrier(s) City % Correct
Air New Zealand, Jetstar Airways, Qantas, Virgin Australia Auckland
94%
Jetstar Airways, Qantas, Tigerair Australia, Virgin Australia Perth
94%
Air China Beijing
92%
Alliance Airlines, Jetstar Airways, Qantas, Tigerair Australia, Virgin Australia Sydney
92%
Jetstar Airways, Qantas, Tigerair Australia, Virgin Australia Brisbane
90%
Emirates Dubai
90%
Jetstar Airways, Qantas, Tigerair Australia, Virgin Australia Adelaide
89%
Qantas, United Airlines, Virgin Australia Los Angeles
86%
Air New Zealand, Qantas, Singapore Airlines Wellington
86%
Etihad Airways Abu Dhabi
85%
Emirates, Jetstar Airways, Qantas, Scoot, Singapore Airlines Singapore
85%
Jetstar Airways, Qantas, Virgin Australia Darwin
84%
Air China, China Eastern Airlines, Shanghai Airlines Shanghai–Pudong
84%
Japan Airlines, Qantas Tokyo–Narita
84%
Jetstar Airways, Thai Airways Bangkok–Suvarnabhumi
82%
Cathay Pacific, Qantas, Virgin Australia Hong Kong
82%
Garuda Indonesia, Jetstar Airways, Malindo Air, Qantas Denpasar
81%
Garuda Indonesia Jakarta
81%
Air India Delhi
78%
Jetstar Airways, Qantas, Tigerair Australia, Virgin Australia Hobart
78%
Jetstar Airways, Qantas, Tigerair Australia, Virgin Australia Gold Coast
76%
Air New Zealand, Jetstar Airways, Qantas, Virgin Australia Christchurch
75%
Malaysia Airlines, Malindo Air Kuala Lumpur
75%
Qantas Alice Springs
74%
Jetstar Airways, Qantas, Tigerair Australia, Virgin Australia Cairns
73%
Qatar Airways Doha
70%
Qantas, QantasLink, Tigerair Australia, Virgin Australia Canberra
69%
Jetstar Airways, Vietnam Airlines Ho Chi Minh City
69%
Cebu Pacific, Philippine Airlines Manila
69%
China Southern Airlines Guangzhou
67%
Qantas, United Airlines San Francisco
66%
LATAM Chile Santiago
63%
Air Canada Vancouver
63%
SriLankan Airlines Colombo
60%
Jetstar Airways, QantasLink, Virgin Australia Launceston
56%
Qantas London–Heathrow
55%
China Airlines Taipei
54%
Jetstar Airways Osaka–Kansai
53%
Jetstar Airways Townsville
53%
XiamenAir Xiamen
52%
Jetstar Airways Newcastle
50%
Virgin Australia Newcastle
50%
Qantas Broome
48%
Jetstar Airways Honolulu
48%
Air New Zealand, Jetstar Airways, Qantas, Virgin Australia Queenstown
46%
Jetstar Airways, Virgin Australia Sunshine Coast
46%
Fiji Airways, Virgin Australia Nadi
45%
QantasLink, Regional Express Airlines, Virgin Australia Mildura
44%
China Southern Airlines Shenzhen
41%
Sichuan Airlines Chengdu
40%
Royal Brunei Airlines Bandar Seri Begawan
39%
Hainan Airlines Xi'an
39%
Jetstar Airways Phuket
38%
Regional Express Airlines Albury
37%
Alliance Airlines, Jetstar Airways Ayers Rock
34%
Tianjin Airlines Chongqing
33%
Air Vanuatu Port Vila
33%
Aircalin Nouméa
28%
XiamenAir Hangzhou
24%
Regional Express Airlines Wagga Wagga
24%
Jetstar Airways Ballina
23%
QantasLink Devonport
23%
Qantas, Virgin Australia Hamilton Island
23%
Regional Express Airlines Burnie–Wynyard
20%
Beijing Capital Airlines Qingdao
20%
Hainan Airlines Haikou
19%
Airnorth Toowoomba
19%
Regional Express Airlines Mount Gambier
17%
Tigerair Australia Coffs Harbour
16%
Virgin Australia Regional Airlines Kalgoorlie–Boulder
15%
Hainan Airlines Changsha
13%
Regional Express Airlines Merimbula
13%
Jetstar Airways Zhengzhou
13%
Regional Express Airlines King Island
11%
Beijing Capital Airlines Shenyang
11%
Jetstar Airways Proserpine
9%
QantasLink Kingscote
2%
No matching quizzes found
Score Distribution
Percent of People with Each Score
Percentile by Number Answered
Your Score History
You have not taken this quiz